Analysis of airborne particles by physical methods (Record no. 31241)

MARC details
000 -LEADER
fixed length control field 00284nam a2200109Ia 4500
082 ## - DEWEY DECIMAL CLASSIFICATION NUMBER
Classification number 628.511
Item number MAL
245 #0 - TITLE STATEMENT
Title Analysis of airborne particles by physical methods
260 ## - PUBLICATION, DISTRIBUTION, ETC. (IMPRINT)
Place of publication Florida
Name of publisher CRC
Year of publication 1978
700 ## - ADDED ENTRY--PERSONAL NAME
Personal name Maliss, H
942 ## - ADDED ENTRY ELEMENTS (KOHA)
Koha item type Books
Holdings
Withdrawn status Lost status Damaged status Not for loan Home library Current library Date acquired Cost, normal purchase price Full call number Accession Number Koha item type
        RRII Library RRII Library 16/12/2021 72.50 628.511 MAL 11791 Books